000 00721nam a2200253Ia 4500
003 OSt
005 20220928111300.0
006 a|||||r|||| 00| 0
007 ta
008 220927b |||||||| |||| 00| 0 hin d
020 _c250
024 _a126658
037 _b462, 16/02/2015, Kiran Book Service
_cTextual
040 _aSDCL
_cSDCL
_bhin
041 _2hin
_ahin
082 _aO152,3N58X, Q4
100 _aArora Madhu
_9423038
245 0 _a....Aur din sarthak hua
260 _aNew Delhi
_bSamayik Books
_c2014
300 _a7-143p.
_ccm.
650 _aHindi
_9391598
942 _hO152,3N58X, Q4
_cTEXL
_2CC
999 _c739506
_d739506